000
00241nam a22001097a 4500
082
_a
891.4391 HIM'M
100
_a
HIMIAT ALI SHAIER
_9
75887
245
_a
MUTTI KA QARIZ
260
_a
KARACHI
_b
PAK KITAB
_c
1980
300
_a
160P
942
_c
BK
999
_c
581298
_d
581298